000
00269nam a2200109Ia 4500
008
200302s9999 xx 000 0 und d
100
_a
Anuradha Mathur & Dilip da Cunha
245
_a
Soak Mumbai in an Estuary
260
_b
Roopa and Co.,
260
_c
2009
300
_a
197
999
_c
5314
_d
5314